01160nam a22003015i 4500999001700000003000900017005001700026008004100043020001800084020001500102040004300117082002200160100003500182245011400217250001900331250003500350264004700385264001000432300005700442336002600499337002800525338002700553504005100580650003600631653002500667942001200692952015400704 c28139d28110EG-ScBUE20200218112119.0200218t20192019nyua f b 001 0 eng d a9781260085044 a126008504X aEG-ScBUEbengerdacEG-ScBUEdEG-ScBUE04a302.2072bKEY2221 aKeyton, Joann,eauthor.93190610aCommunication research :basking questions, finding answers /cJoann Keyton, North Carolina State University. aFifth edition. aInternational student edition. 1aNew York :bMcGraw-Hill Education,c[2019] 4cc2019 a1 volume (various pagings) :billustrations ;c24 cm atextbtxt2rdacontent aunmediatedbn2rdamedia avolumebnc2rdacarrier aIncludes bibliographical references and index. 7aCommunicationxResearch.2BUEsh bCOMAMEcFebruary2020 2ddccBB 00102ddc40708AlahramaMAINbMAINc1STd2020-02-18ePurchaseg729.00h487l0o302.2072 KEYp000048696r2025-07-15 00:00:00v911.25w2020-02-18yBB